Score 0/10 Timer 01:30
2 Plays Today
State Capital % Correct
Pierre, South Dakota
89.3%
Saint Paul, Minnesota
87.6%
Bismarck, North Dakota
85.7%
Helena, Montana
85.3%
Cheyenne, Wyoming
82.3%
Lincoln, Nebraska
80.6%
Denver, Colorado
80.4%
Des Moines, Iowa
78.4%
Topeka, Kansas
69.5%
Salt Lake City, Utah
56.9%
Remove Ads.
Support Sporcle.
Get the best of Sporcle when you Go Orange. This ad-free experience offers more features, more stats, and more fun while also helping to support Sporcle. Thank you for becoming a member.

You're not logged in!

Compare scores with friends on all Sporcle quizzes.
OR
Log In

Show Comments

Extras

Top Quizzes Today


Score Distribution

Your Account Isn't Verified!

In order to create a playlist on Sporcle, you need to verify the email address you used during registration. Go to your Sporcle Settings to finish the process.

Report this User

Report this user for behavior that violates our Community Guidelines.

Details: